000 00930nam0a2200301 4500
001 RU\NLR\BIBL_A\022663213
005 20251204165308.0
010 _a978-5-17-179680-8
021 _aRU
_bКН-П-25-054626
_9КН-П-25-5271
035 _a(NLR Aleph) 022663213
090 _a13498084
_c13498084
100 _a20251111d2025 m y0rusy50 ca
101 1 _aeng
_crus
102 _aRU
105 _ay z 000ay
181 0 _ai4
_baxxe
182 0 _an
200 1 _aThe militia romance
_fZakhar Prilepin
_gtranslated from Russian by Vera Gordias
203 _aТекст
_bвизуальный
_cнепосредственный
210 _aMoscow
_cAST
_d2025
215 _a256 c.
_d21
686 2 _aШ6(2=Р)87англ.
700 1 _aPrilepin
_bZ.
_f1975-
_gZachar
_3RU\NLR\AUTH\770283576
942 _cBOOK
980 _aNB